00693nam a22002177a 450000100060000000300080000600500170001400800390003103500190007004000270008904100080011608200250012410000350014924500990018426000410028330000260032465000270035065100310037783000160040883000510042426326BD-RjUL20211209051012.0140322s1918 ii a 00| 0 eng a(BD-RjUL)26396 aDLCcDLCbengdBD-RjUL aeng a954.04bDUH V-1 19181 aDuff, James Grant,d1789-1858.12aA history of the MahrattascJames Grant Duff.nVolume IpWith Capious Notes , in three volumes aCalcutta :bR. Cambray & Co.,c1918. axvi, 472 p. ;c20 cm. 0aMaratha (Indic people) 0aIndiaxHistoryy1000-1765. 0vitem 10183. 0aSAMP early 20th-century Indian books project ;